Quiz culture générale animaux #2 - Statistiques

Statistiques générales
  • Ce quiz a été pris 67 fois
    29 depuis la dernière actualisation
  • Le résultat moyen est 9 sur 15
Statistiques - réponses
Questions Réponse % Correct
Est-ce la femelle ou le mâle moustique qui nous pique? La femelle
95%
Parmi ces serpents, lequel n'existe pas? couleuvre à collier, mamba noir, vipère du Gabon, python à tête blanche, crotale diamantin Le python a tête blanche
89%
Quel félin porte le nom d'une marque de chaussure? Le puma
84%
Quel serpent fait du bruit à l'aide de sa queue pour signaler sa présence à d'éventuels intrus? Le serpent à sonnette
84%
Quel insecte est connu pour parfois manger le mâle après l’accouplement ? La mante religieuse
79%
Quel animal marin de l’Arctique possède une très longue défense qui ressemble à une corne ? Le narval
79%
Citez un mammifère qui pond des œufs. ornithorynque, echidné
74%
Quel oiseau porte aussi le nom d'un fruit? Le kiwi
68%
Quel animal marin a une grosse tête ronde appelée “melon” et vit dans l’océan Arctique ? Le béluga
63%
Nommez un requin dont le nom comporte une race de chien. requin bouledogue; requin lévrier
63%
Quel petit mammifère marin ressemble à un dauphin mais possède un museau plus court ? Le marsouin
21%
Le plus souvent, de quelle forme est la pupille des serpents nocturnes? Verticale
21%
Quel est le nom du mode de reproduction caractérisé par l'embryon qui se développe dans un œuf complètement à l'intérieur de la mère, de sorte que l'œuf éclot dans le ventre de celle-ci. L’ovoviviparité
16%
Quel est le deuxième nom d'une mue animale? L’exuvie
11%
Quel est le deuxième nom du ratel? Le zorille
5%
Aucun quiz correspondant
Distribution des résultats
% des personnes avec chaque résultat
Percentile par nombre de réponses
Votre historique - résultats
Vous n’avez pas pris ce quiz depuis la dernière actualisation